Quizzes
Events
Quiz Creation
Community
Videos
Private Events
Remove Ads
Sign In
Join for FREE
Feedback
Dark Mode
Quiz Categories
Sports
Geography
Music
Movies
Television
Just For Fun
Miscellaneous
History
Literature
Language
Science
Gaming
Entertainment
Religion
Holiday
For Kids
Quiz Lab
Recent
Popular Today
Quiz Kudos Today
Editor Picks
Curator Picks
Quizzes by...
Day
Popularity
Type
Ratings
Length
Year
Community
Subscriptions
Recent Discussions
Orange Saloon
Badges
Playlists
Quests
Create
Leaderboards
Showdown
Live 5
Trivia Bingo
Activity
Puzzle Library
Sporcle Events
Private Events
Virtual Trivia
Globe League
Become a Host
Pub Owners
SporcleCon
Opinionation
Our Games
Videos
Blog
Mobile Apps
Partnerships
Remove Ads and Go Orange
Feedback
Gaming
Video Games
Board Games
Card Games
Pokémon
Mario
Nintendo
Minecraft
Console
Toys
Legend of Zelda
Gaming
Video Games
Board Games
Card Games
Pokémon
Mario
Nintendo
Minecraft
Console
Toys
Legend of Zelda
Random Quiz
Search Sporcle
×
Quiz Lab
Quiz Lab
Gaming
Pokémon
Type in answers that appear in a list
Type in answers that appear in a list
Classic
Best Score? Go Orange.
Pokémon der angegebenen Entwicklungsmethoden Stats
Kannst du die Pokémon der angegebenen Entwicklungsmethoden nennen?
By
alexanderstreube
15m
64 Questions
18 Plays
18 Plays
18 Plays
Comments
Comments
Give Quiz Kudos
Give Quiz Kudos
-
- Ratings
hide this ad
Forced Order
Answers have to be entered in order
Answers have to be entered in order
Random Order
Randomize order of answers
Randomize order of answers
Replay
Link that replays current quiz
Next Quiz
Link to next quiz in quiz playlist
You Got
0%
They Got
Avg Score
72%
Avg Friend Score
Upgrade to see
Score Distribution
Jump to the score distribution portion of the page
Score
0/64
Timer
15:00
0
Plays Today
Entwicklungsmethode
Pokémon
% Correct
Tausch mit Metallmantel
Onix, Sichlor
100%
Zuneigung bei Nacht
Evoli, Klingplim
100%
Tausch mit King-
Stein
Quaputzi, Flegmon
94.4%
Tausch mit Magmaisierer
Magmar
94.4%
Tausch mit Schönschuppe
Barschwa
94.4%
Donnerstein
Pikachu, Evoli...
94.4%
Feuerstein
Vulpix, Fukano...
94.4%
Tausch
Kadabra, Maschock...
88.9%
Tausch mit Schützer
Rizeros
88.9%
Tausch mit Stromisierer
Elektek
88.9%
Mondstein
Nidorina, Nidorino...
88.9%
Blattstein
Duflor, Ultrigaria...
88.9%
Wasserstein
Quaputzi, Muschas...
88.9%
Zuneigung
Pichu, Pii...
88.9%
Levelanstieg am Moosfelsen
Evoli
88.9%
Levelanstieg am Eisfelsen
Evoli
88.9%
Levelanstieg, wenn Angr. = Vert.
Rabauz
88.9%
Tausch mit Schnuthelm
Laukaps
83.3%
Tausch mit Laukaps
Schnuthelm
83.3%
Tausch mit Drachenhaut
Seemon
83.3%
Tausch mit Up-
Grade
Porygon
83.3%
Tausch mit Dubiosdisc
Porygon2
83.3%
Zuneigung bei Tag
Evoli, Knospi...
83.3%
Zwei Herzen bei PokéMonAmi und Feenattacke
Evoli
83.3%
Levelanstieg mit Remoraid
Mantirps
83.3%
Levelanstieg im Kraterberg, in der Elektrolithhöhle, auf Route 13 oder dem Canyon von Poni
Magneton, Nasgnet
83.3%
Levelanstieg, wenn Angr. > Vert.
Rabauz
83.3%
Levelanstieg, wenn Angr. < Vert.
Rabauz
83.3%
Levelanstieg mit Schönheitswert über 170
Barschwa
83.3%
Tausch mit Abysszahn
Perlu
77.8%
Tausch mit Abyssplatte
Perlu
77.8%
Levelanstieg mit Scharfklaue bei Nacht
Sniebel
77.8%
Entwicklungsmethode
Pokémon
% Correct
Levelanstieg mit Ovalem Stein bei Tag
Wonneira
77.8%
Sonnenstein
Duflor, Sonnkern...
77.8%
Funkelstein (♂)
Kirlia
77.8%
Levelanstieg mit Doppelschlag
Griffel
77.8%
Level 20 mit weniger als sechs Pokémon im Team und leerem Pokéball
Nincada
77.8%
Tausch mit Düsterumhang
Zwirrklop
72.2%
Levelanstieg mit Scharfzahn bei Nacht
Skorgla
72.2%
Leuchtstein
Roselia, Togetic...
72.2%
Finsterstein
Traunfugil, Kramurx...
72.2%
Levelanstieg mit Mimikry
Pantimimi, Mobai
72.2%
Funkelstein (♀)
Schneppke
66.7%
Levelanstieg mit Antik-
Kraft
Tangela, Yanma...
66.7%
Level 32 mit Pokémon vom Typ Unlicht im Team
Pam-Pam
66.7%
Level 30 bei umgedrehter Konsole
Iscalar
66.7%
Tausch mit Duftbeutel
Parfi
61.1%
Level 50 bei Regen
Viscargot
61.1%
Eisstein
Alola-Sandan, Alola-Vulpix
61.1%
Tausch mit Sahnehäubchen
Flauschling
55.6%
Level 21 (♀)
Wadribie
55.6%
Levelanstieg am Mount Lanakila
Krabbox
50%
Level 20 (♀)
Burmy
50%
Level 20 (♂)
Burmy
50%
Levelanstieg mit Walzer
Schlurp
44.4%
Levelanstieg mit Stampfer
Frubaila
44.4%
Level 39 bei Tag
Balgoras
44.4%
Level 39 bei Nacht
Amarino
44.4%
Level 33 (♀)
Molunk
38.9%
Levelanstieg bei Zufall
Waumpel
38.9%
Level 20 bei Nacht
Alola-Rattfratz
38.9%
Level 20 bei Tag
Mangunior
33.3%
Level 34 bei Tag
Imantis
27.8%
Level 28 bei Nacht
Tragosso (Entwicklung in eine Alola-Form)
22.2%
Quiz Playlist
Details
Report
Send in Message
Add To Playlist
Classic:
Type in answers that appear in a list
Forced Order:
Answers have to be entered in order
Random Order:
Randomize order of answers
Last Updated: Jul 25, 2017
Quiz Scoreboard
CHALLENGE
Sign Up to Join the Scoreboard
Show All
Scores
Hide
Comments
May contain spoilers
Recently Published
NBA Finals Game Top Scorers (2010s)
by flibbidy
Sports
5m
Guess the 'R' Things in 3 Words
by MSUKent
Miscellaneous
3m
Actor to Badly Drawn Movie III
by MoMosMoProblems
Movies
5m
More to Explore
Quiz From the Vault
Featured Blog Post
Where Does Lost Luggage Go?
hide this ad
You Might Also Like...
Tags
Pokémon Quiz
Today's Top Quizzes in Gaming
Browse Gaming
hide this ad
Today's Top Quizzes in Pokémon
Browse Pokémon
Top Contributed Quizzes in Gaming
1
Video Game Rainbow Blitz
2
Genshin Impact Logic Puzzle
3
Genshin Impact Logic Puzzle Quiz
4
Pokémon Gen IV Logic Puzzle (HARD)
5
Rainbow Six Siege Operators by Picture
6
Magic: the Gathering Set Symbols - LCI
7
Ordering Roman Numerals: Pokémon
8
St. Patrick's Pick: Gaming
9
Ultimate Genshin Impact Logic Puzzle (up to 4.3)
10
Wii Remote Buttons
Explore More
Trending Topics
Marvel
NBA
Kpop
Disney
Harry Potter
Crossword
Anime
Puzzle
NFL
Song
The Office
Pokémon
Soccer
Country
WWE
hide this ad
More By:
alexanderstreube
Quiz
Plays
Rating
Category
Featured
Created
Fußball-Stadien
412
3.50
Sports
Jun 19, 2017
Kanto-Dex (deutsch)
326
Gaming
Apr 29, 2017
Spezielle Entwicklungen von Pokémon
324
Gaming
May 5, 2017
Johto-Dex (deutsch)
309
Gaming
Aug 3, 2017
Pokémon-Arenaleiter
289
Gaming
May 15, 2017
Go to Creator's Profile
Score Distribution
Quiz Creator Spotlight
alexanderstreube
Follow
Send a Message
Quizzes Created
-
Created Quiz Play Count
-
More By This Creator
Popular Quizzes Today
1
Find the US States - No Outlines Minefield
2
Find the US States
3
The Countries of the World
4
10 Largest US States in Order
5
Find the Countries of Europe - No Outlines Minefield
6
US States
7
Guess the 'R' Things in 3 Words
8
NBA Finals Game Top Scorers (2010s)
More Gaming Quizzes
Nine-tendo
Curator's Pick
Trending Quizzes
First Name TV: Leading Men
Match the Book to the Film II
First Name TV: Leading Women Drama
3-Word Movies in 1 Word II
Match the Book to the Film VI
Recently Updated
Women's Final Four Teams by Year
bhenderson79
Presidents Quartet II
eogle
Anything But Clue(do)
eogle
Anything But Oceanian Capitals
eogle
Anything But 7
eogle
Anything But Thing
eogle
Word Ladder: February 29
pecheneg
Song Title Questions
pecheneg
Women's NCAA Tournament #1 Seeds
pecheneg
Celebrity Mug Shots
pecheneg
Trending Topics
Crossword
Anime
Kpop
Harry Potter
NBA
Marvel
Disney
The Office
Soccer
NFL
WWE
Country
Puzzle
Song
Pokémon
Your Account Isn't Verified!
In order to create a playlist on Sporcle, you need to verify the email address you used during registration. Go to your
Sporcle Settings
to finish the process.
Report this User
Report this user for behavior that violates our
Community Guidelines
.
Details:
Send Report
Go to the Sporcle.com Mobile Site →
Comments